[Event "SVK-chT5 SE-SI 1415"]
[Site "Slovakia"]
[Date "2015.01.10"]
[Round "6.4"]
[White "Papanek, Lubomir"]
[Black "Spanik, Ondrej"]
[Result "1-0"]
[WhiteElo "1616"]
[BlackElo "1228"]
[PlyCount "91"]
[EventDate "2014.10.18"]
[EventType "team-tourn"]
[EventRounds "11"]
[EventCountry "SVK"]
[SourceTitle "EXT 2022"]
[Source "ChessBase"]
[SourceDate "2021.10.06"]
[SourceVersion "1"]
[SourceVersionDate "2021.10.06"]
[SourceQuality "1"]
[WhiteTeam "Gbely Nafta III"]
[BlackTeam "Skalica IV"]
[WhiteTeamCountry "SVK"]
[BlackTeamCountry "SVK"]

1. d4 d5 2. c4 Nf6 3. e3 e6 4. Nf3 Bb4+ 5. Bd2 Bxd2+ 6. Nbxd2 0-0 7. Bd3 g6 8. 0-0 Nc6 9. a3 Re8 10. Re1 dxc4 11. Bxc4 Qd6 12. Qc2 e5 13. dxe5 Nxe5 14. Rad1 Nxc4 15. Qxc4 Be6 16. Qc3 Qe7 17. e4 Rad8 18. Qe3 b6 19. Ne5 Qc5 20. Qxc5 bxc5 21. f3 Rb8 22. Nec4 Bxc4 23. Nxc4 Rbd8 24. Rxd8 Rxd8 25. Re2 Rd4 26. Rc2 Nd7 27. Na5 Ra4 28. Nc6 Ra6 29. Ne7+ Kf8 30. Nd5 Rc6 31. Ne3 Nb6 32. Kf2 Na4 33. Nc4 Nb6 34. Na5 Rd6 35. Ke2 Na4 36. b3 Ra6 37. Nc4 Nb6 38. a4 Nxc4 39. Rxc4 Rb6 40. Rxc5 Rxb3 41. Rxc7 Rb2+ 42. Kf1 Rb1+ 43. Kf2 Rb2+ 44. Kg3 a5 45. Rc5 h5 46. h4 1-0

[Event "Senica op 02"]
[Site "Senica"]
[Date "2014.02.28"]
[Round "6"]
[White "Spanik, Ondrej"]
[Black "Sobek, Michal"]
[Result "0-1"]
[WhiteElo "1230"]
[BlackElo "1230"]
[PlyCount "60"]
[EventDate "2014.02.24"]
[EventType "swiss"]
[EventRounds "7"]
[EventCountry "SVK"]
[SourceTitle "CBM 159 Extra"]
[Source "ChessBase"]
[SourceDate "2014.04.24"]
[SourceVersion "1"]
[SourceVersionDate "2014.04.24"]
[SourceQuality "1"]

1. e4 e5 2. Nf3 Nc6 3. Bb5 Nf6 4. Nc3 d6 5. d3 Be7 6. 0-0 0-0 7. Bxc6 bxc6 8. d4 exd4 9. Nxd4 Bd7 10. Re1 Re8 11. h3 Bf8 12. f4 Qe7 13. Nf3 Rad8 14. Nd5 cxd5 15. exd5 Ne4 16. Ng5 f5 17. g4 Nc3 18. Rxe7 Nxd1 19. Rxd7 Rxd7 20. Ne6 Rde7 21. gxf5 g6 22. fxg6 hxg6 23. Rb1 Rxe6 24. dxe6 Rxe6 25. Bd2 Ne3 26. Re1 d5 27. Rxe3 Bc5 28. Kf2 Bxe3+ 29. Bxe3 a6 30. Ke2 d4 0-1

[Event "Senica op 02"]
[Site "Senica"]
[Date "2014.02.27"]
[Round "5"]
[White "Kanos, Jozef"]
[Black "Spanik, Ondrej"]
[Result "1-0"]
[WhiteElo "1945"]
[BlackElo "1230"]
[PlyCount "49"]
[EventDate "2014.02.24"]
[EventType "swiss"]
[EventRounds "7"]
[EventCountry "SVK"]
[SourceTitle "CBM 159 Extra"]
[Source "ChessBase"]
[SourceDate "2014.04.24"]
[SourceVersion "1"]
[SourceVersionDate "2014.04.24"]
[SourceQuality "1"]

1. e4 e5 2. f4 Nc6 3. Nf3 d6 4. Bc4 Nf6 5. d3 Be6 6. Bb5 Bg4 7. c3 a6 8. Ba4 b5 9. Bc2 Be7 10. 0-0 0-0 11. f5 d5 12. h3 dxe4 13. hxg4 exf3 14. Qxf3 Bc5+ 15. Kh1 Qd6 16. g5 Nd7 17. Nd2 Ne7 18. Ne4 Qc6 19. g4 f6 20. Bb3+ Kh8 21. g6 h6 22. Qh3 Ng8 23. Bxg8 Kxg8 24. Bxh6 Rfd8 25. Bxg7 1-0

[Event "SVK-chT5 SE-SI 1314"]
[Site "Slovakia"]
[Date "2013.10.26"]
[Round "2.2"]
[White "Spanik, Ondrej"]
[Black "Cambal, Peter"]
[Result "1/2-1/2"]
[WhiteElo "1230"]
[BlackElo "1014"]
[PlyCount "69"]
[EventDate "2013.10.19"]
[EventType "team-tourn"]
[EventRounds "11"]
[EventCountry "SVK"]
[SourceTitle "EXT 2022"]
[Source "ChessBase"]
[SourceDate "2021.10.06"]
[SourceVersion "1"]
[SourceVersionDate "2021.10.06"]
[SourceQuality "1"]
[WhiteTeam "Skalica V"]
[BlackTeam "Holic II"]
[WhiteTeamCountry "SVK"]
[BlackTeamCountry "SVK"]

1. e4 c5 2. Nf3 d6 3. Nc3 Nf6 4. d4 cxd4 5. Nxd4 e5 6. Nf3 h6 7. Be3 Be7 8. Bc4 0-0 9. h3 Qc7 10. b3 a6 11. 0-0 b5 12. Nd5 Nxd5 13. Bxd5 Nc6 14. Bxc6 Qxc6 15. Qd5 Bb7 16. Qxc6 Bxc6 17. Nd2 f5 18. exf5 Rxf5 19. g4 Rff8 20. f4 e4 21. c4 Rac8 22. Rae1 Rfe8 23. Re2 Bh4 24. f5 Rcd8 25. Bf2 Bg5 26. Rfe1 Bxd2 27. Rxd2 a5 28. cxb5 Bxb5 29. Rd5 Bc6 30. Rxa5 d5 31. Ra6 Bb7 32. Re6 Rf8 33. Rd1 Rf7 34. Bb6 Rc8 35. Rd2 1/2-1/2

[Event "SVK-chT5 SE-SI 1314"]
[Site "Slovakia"]
[Date "2013.10.19"]
[Round "1.4"]
[White "Geher, Stanislav"]
[Black "Spanik, Ondrej"]
[Result "1-0"]
[WhiteElo "1471"]
[BlackElo "1230"]
[PlyCount "120"]
[EventDate "2013.10.19"]
[EventType "team-tourn"]
[EventRounds "11"]
[EventCountry "SVK"]
[SourceTitle "EXT 2022"]
[Source "ChessBase"]
[SourceDate "2021.10.06"]
[SourceVersion "1"]
[SourceVersionDate "2021.10.06"]
[SourceQuality "1"]
[WhiteTeam "Skalica IV"]
[BlackTeam "Skalica V"]
[WhiteTeamCountry "SVK"]
[BlackTeamCountry "SVK"]

1. d4 d5 2. c4 Nf6 3. Nc3 e6 4. Bg5 Bb4 5. Nf3 h6 6. Bh4 g5 7. Bg3 Ne4 8. Qa4+ Nc6 9. Rc1 Bd7 10. Qc2 Qf6 11. a3 Bxc3+ 12. bxc3 Nxg3 13. hxg3 dxc4 14. e3 b5 15. Qe4 Qf5 16. Qxf5 exf5 17. Be2 Be6 18. Rd1 Rd8 19. Nxg5 Bd5 20. Nf3 a5 21. Rh5 Be4 22. Nh4 Ne7 23. f3 Bc2 24. Rc1 Ba4 25. Nxf5 Nxf5 26. Rxf5 c6 27. Kd2 Ke7 28. Rh1 Rd5 29. g4 Rxf5 30. gxf5 Bb3 31. g4 f6 32. e4 b4 33. cxb4 axb4 34. axb4 Ra8 35. Ke3 c3 36. Bd3 c2 37. Rc1 Ra2 38. b5 cxb5 39. Bxb5 Rb2 40. Kd2 Rb1 41. Bd3 Rxc1 42. Kxc1 Kd6 43. Bxc2 Bc4 44. Kd2 Bf7 45. Ke3 h5 46. gxh5 Bxh5 47. Bb3 Ke7 48. f4 Be8 49. e5 Bd7 50. Ke4 Bc6+ 51. d5 Bd7 52. d6+ Kf8 53. e6 Bb5 54. e7+ Ke8 55. Kd5 Ba6 56. Kc5 Bc8 57. Be6 Ba6 58. Kb6 Be2 59. d7+ Kxe7 60. Kc7 Bc4 1-0

[Event "SVK-chT5 SE-SI 1213"]
[Site "Slovakia"]
[Date "2012.11.17"]
[Round "5.4"]
[White "Buran, Andrej"]
[Black "Spanik, Ondrej"]
[Result "1-0"]
[WhiteElo "1152"]
[BlackElo "1278"]
[PlyCount "65"]
[EventDate "2012.10.06"]
[EventType "team-tourn"]
[EventRounds "14"]
[EventCountry "SVK"]
[SourceTitle "EXT 2022"]
[Source "ChessBase"]
[SourceDate "2021.10.06"]
[SourceVersion "1"]
[SourceVersionDate "2021.10.06"]
[SourceQuality "1"]
[WhiteTeam "Senica CVC III"]
[BlackTeam "Skalica V"]
[WhiteTeamCountry "SVK"]
[BlackTeamCountry "SVK"]

1. e4 e5 2. Nf3 Nc6 3. Bc4 Bc5 4. d3 h6 5. Be3 Qe7 6. Nc3 Bb4 7. Bd2 Bxc3 8. Bxc3 d6 9. Qd2 Nf6 10. 0-0 Nh5 11. Rfe1 Qf6 12. Rad1 Be6 13. Bxe6 fxe6 14. Qe3 0-0 15. d4 exd4 16. Bxd4 Nxd4 17. Nxd4 e5 18. Nf5 Rad8 19. Qxa7 Rb8 20. Re3 Qf7 21. Rh3 Qg6 22. Ne7+ Kf7 23. Nxg6 Kxg6 24. Qe3 Nf4 25. Rf3 Kh7 26. g3 g5 27. gxf4 gxf4 28. Qe2 Rg8+ 29. Kh1 Rg7 30. Rg1 Rf7 31. Rh3 Rf6 32. Qg4 Rbf8 33. Qg7# 1-0